[Event "Oberliga Nord O 1516"]
[Site "Germany"]
[Date "2015.10.11"]
[Round "2.7"]
[White "Lenz, Tobias"]
[Black "Von Wantoch Rekowski, Danijela"]
[Result "1-0"]
[WhiteElo "1962"]
[BlackElo "2147"]
[PlyCount "69"]
[EventDate "2015.09.20"]
[EventType "team-tourn"]
[EventRounds "9"]
[EventCountry "GER"]
[SourceTitle "CBM 170 Extra"]
[Source "ChessBase"]
[SourceDate "2016.02.25"]
[SourceVersion "1"]
[SourceVersionDate "2016.02.25"]
[SourceQuality "1"]
[WhiteTeam "Fuerstenwalde"]
[BlackTeam "Berlin SF"]
[WhiteTeamCountry "GER"]
[BlackTeamCountry "GER"]

1. d4 d5 2. c4 e6 3. Nc3 c6 4. e3 Nf6 5. Qc2 dxc4 6. Bxc4 b5 7. Bd3 Bb7 8. Nf3 Nbd7 9. 0-0 a6 10. a3 c5 11. Be2 Rc8 12. dxc5 Bxc5 13. Rd1 Qc7 14. Bd2 Bd6 15. h3 0-0 16. Rac1 Nc5 17. Ne1 Qb6 18. Bf3 Bxf3 19. Nxf3 Rfd8 20. b4 Nd3 21. Rb1 Ne5 22. Nd4 Nc4 23. Qb3 Rc7 24. Be1 Rdc8 25. Rbc1 Bf8 26. Ra1 e5 27. Nde2 Qc6 28. Rd3 e4 29. Rd4 Bd6 30. Rad1 Be5 31. Rd8+ Ne8 32. R8d5 Ned6 33. Nxe4 Nb2 34. Nxd6 Nxd1 35. Nxc8 1-0

[Event "Oberliga Nord O 1415"]
[Site "Germany"]
[Date "2015.02.22"]
[Round "7.7"]
[White "Kalhorn, Stefan"]
[Black "Lenz, Tobias"]
[Result "1-0"]
[WhiteElo "2159"]
[BlackElo "1947"]
[PlyCount "51"]
[EventDate "2014.09.21"]
[EventType "team-tourn"]
[EventRounds "9"]
[EventCountry "GER"]
[SourceTitle "EXT 2016"]
[Source "ChessBase"]
[SourceDate "2015.10.08"]
[SourceVersion "1"]
[SourceVersionDate "2015.10.08"]
[SourceQuality "1"]
[WhiteTeam "Greifswald"]
[BlackTeam "Fuerstenwalde"]
[WhiteTeamCountry "GER"]
[BlackTeamCountry "GER"]

1. d4 e6 2. c4 c5 3. d5 d6 4. Nf3 e5 5. Nc3 a6 6. e4 g6 7. Be3 Bg7 8. h3 Bd7 9. Qd2 h6 10. Bd3 f5 11. g3 Qa5 12. Qc2 Ne7 13. Bd2 Qc7 14. Nh4 0-0 15. 0-0-0 fxe4 16. Bxe4 g5 17. Ng6 Nxg6 18. Bxg6 b5 19. g4 Rxf2 20. Rdf1 Rxf1+ 21. Rxf1 b4 22. Ne4 a5 23. Nf6+ Bxf6 24. Rxf6 Qd8 25. Bh7+ Kh8 26. Qg6 1-0